00230nam a22000857a 4500008004100000082002100041245002600062260004800088300000800136230621b xxu||||| |||| 00| 0 eng d a327.17bSAN 1982 aPoliticians for Peace aUSAbParliamentarians for World Orderc1982 a20p